| 000 | 00504nam a2200181Ia 4500 | ||
|---|---|---|---|
| 999 |
_c14268 _d14268 |
||
| 003 | OSt | ||
| 005 | 20201023122331.0 | ||
| 008 | 190216s9999||||xx |||||||||||||| ||und|| | ||
| 020 | _a075532174 | ||
| 040 | _coclc | ||
| 082 |
_a813.54 _bMOR/N |
||
| 100 |
_aMorrell, David _95780 |
||
| 245 | 0 |
_aNightscape / _cDavid Morrell |
|
| 260 |
_bHead Line London, _aBritain: _c1999. |
||
| 300 | _a338p | ||
| 650 | _aEnglish-Fiction English | ||
| 942 |
_cBK _2ddc _h813.54 _iMOR/N _k813.54 _mMOR/N |
||